| 000 | 00910cam a22003137a 4500 | ||
|---|---|---|---|
| 003 | CHAP | ||
| 005 | 20220329135327.0 | ||
| 008 | 971013s1907 r 00010 d | ||
| 010 | _a34470 | ||
| 011 | _a35442 | ||
| 035 | _a39558 | ||
| 040 | _cCHAP | ||
| 090 | _aFolleto 5989 | ||
| 100 | 0 | 0 |
_aMeraz, A. _974879 |
| 245 | 0 | _aDestrucción de las tuzas, ardillas de tierra o ardillones y perros de las praderas | |
| 250 | _a3 ed. | ||
| 260 |
_aMéxico, D.F. : _bComisión de Parasitología Agrícola, _c1907 |
||
| 300 | _a12 p | ||
| 490 | 0 |
_aCircular CIASE _v; 20 |
|
| 590 |
_aBATCH-UPD _b10 _c20130110 _lUCH01 _h1344 |
||
| 590 |
_aCONVERSION _b10 _c20130109 _lUCH01 _h1319 |
||
| 650 | 1 | 4 |
_aArdillas. _96852 |
| 650 | 1 | 4 |
_aPerros. _987268 |
| 650 | 1 | 4 |
_aTuzas. _9115712 |
| 830 | 0 |
_aCircular CIASE _v; 20 _923374 |
|
| 901 | _aBK | ||
| 942 | _cFOLL | ||
| 949 |
_aFolleto 5989 _bBC _cBPP _d-90195 _eBPP _i39558 _mD _si |
||
| 999 |
_c34470 _d34470 |
||